00689nam a2200241 a 4500001001300000003000900013005001700022008004100039020001000080082001300090100002100103245005800124260004100182300000900223500003500232505001000267650001300277700002100290902000800311942000700319952010600326999001500432nice12345678IN_TiNIC20260116012936.0050524s1963 newa grp 000 0 eng  ac19600a230bJEN aJenson, Robert W aAlpha and Omegab Study in the Theology of Karl Barth aNew YorkbThomas Nelson & Sonsc1963 a175p aincludes index and biblioraphy2 aIndex aMissions1 aJenson, Robert W bSRS cBK 00104070aHMIbHMId2007-08-01g196.00l1o230 JENp014268r2022-08-08s2022-07-01w2026-01-16yEB c8988d8988